| 000 | 00534nam a2200181Ia 4500 | ||
|---|---|---|---|
| 999 |
_c3085 _d3085 |
||
| 003 | OSt | ||
| 005 | 20200820124510.0 | ||
| 008 | 190216s9999||||xx |||||||||||||| ||und|| | ||
| 020 | _a8185842639 | ||
| 040 | _coclc | ||
| 082 |
_a541.38 _bSHA/N |
||
| 100 | 1 |
_aSharma, B. K. _91147 _d1954- _q(Brij Kishore), |
|
| 245 | 0 |
_aNuclear And Radiation Chemistry / _cB K Sharma |
|
| 260 |
_bGoel Publishing House, _c1997. _aMeerut: |
||
| 300 | _a340p | ||
| 650 | _aChemistry | ||
| 942 |
_cBK _2ddc _h541.38 _iSHA/N _k541.38 _mSHA/N |
||